| 000 | 00430 a2200169 4500 | ||
|---|---|---|---|
| 003 | Nust | ||
| 005 | 20230328121726.0 | ||
| 040 | _cNust | ||
| 082 | _a891.439,ASG | ||
| 100 |
_aSyed, Asghar Nadeem _9111507 |
||
| 245 |
_aChand Grehan. چاند گرہن / _cAsghar Nadeem Syed |
||
| 260 |
_aLahore _bSange-e-Meel |
||
| 300 | _a424 | ||
| 538 | _aAlmirah No.66 Shelf No.6 | ||
| 650 |
_aNovel _92525 |
||
| 942 |
_2ddc _cBK _k891.439,ASG |
||
| 999 |
_c188076 _d188076 |
||